000 00352nam a22001337a 4500
003 OSt
008 220825b |||||||| |||| 00| 0 eng d
082 _a632
_bKER/VI
100 _aKerala karshika sarvakalashala
_95242
245 _aVila paripalana shubharshakal 2017
260 _athrissure
_bkarshika sarvakalashala
_c2017
300 _a350
942 _cBK
999 _c17543
_d17543